| 000 | 00686nam a22002297a 4500 | ||
|---|---|---|---|
| 942 | _cBK | ||
| 999 |
_c500 _d500 |
||
| 005 | 20250420134813.0 | ||
| 008 | 200726b ||||| |||| 00| 0 eng d | ||
| 020 | _a9780128148815 | ||
| 040 | _cKCST | ||
| 082 |
_a621.312134 _bKh Ti |
||
| 100 |
_aKhare, Vilas _94718 |
||
| 245 |
_aTidal energy systems _bdesign, optimization and control / _cVilas Khare, Cheshta Khare, Savita Nema, Prashant Baredar. |
||
| 260 |
_aAmsterdam: _bElsevier; _c2019. |
||
| 300 | _a720 p. | ||
| 650 |
_aTidal power. _94719 |
||
| 650 |
_aTidal power-plants. _94720 |
||
| 700 |
_aKhare, Cheshta _94721 |
||
| 700 |
_aNema, Savita _94722 |
||
| 700 |
_aBaredar, Prashant _94723 |
||
| 942 | _2ddc | ||